[Event "CZE-chT1E 2223"]
[Site "Czech Republic"]
[Date "2022.10.08"]
[Round "1.2"]
[White "Barak, David"]
[Black "Laurincova, Kristyna"]
[Result "1-0"]
[WhiteElo "2077"]
[BlackElo "2084"]
[PlyCount "80"]
[EventDate "2022.10.08"]
[EventType "team-tourn"]
[EventRounds "11"]
[EventCountry "CZE"]
[SourceTitle "CBM 210 Extra"]
[Source "ChessBase"]
[SourceDate "2022.11.30"]
[SourceVersion "1"]
[SourceVersionDate "2022.11.30"]
[SourceQuality "1"]
[WhiteTeam "Brno Duras"]
[BlackTeam "Frydek Mistek II"]
[WhiteTeamCountry "CZE"]
[BlackTeamCountry "CZE"]

1. d4 Nf6 2. c4 g6 3. Nc3 d5 4. cxd5 Nxd5 5. e4 Nxc3 6. bxc3 Bg7 7. Nf3 c5 8. Rb1 Nc6 9. d5 Ne5 10. Nxe5 Bxe5 11. Qd2 0-0 12. f4 Bg7 13. Be2 Qa5 14. Rb3 c4 15. Bxc4 Bd7 16. Be2 Rfc8 17. c4 Qc7 18. 0-0 Ba4 19. Ra3 Qc5+ 20. Kh1 b5 21. e5 Rab8 22. Re1 Rb6 23. Qe3 Qb4 24. Bd2 Qb2 25. c5 Ra6 26. Qc3 Qxc3 27. Rxc3 Rd8 28. c6 b4 29. Bxa6 bxc3 30. Bxc3 Rxd5 31. c7 Bd7 32. Bb4 g5 33. c8Q+ Bxc8 34. Bxc8 gxf4 35. e6 Be5 36. Kg1 Kf8 37. Rb1 a5 38. Be1 Rc5 39. Bd7 Rc2 40. a4 fxe6 1-0

[Event "CZE-chT2E 2122"]
[Site "Czech Republic"]
[Date "2022.02.27"]
[Round "9.1"]
[White "Kuchynka, Lukas"]
[Black "Barak, David"]
[Result "1-0"]
[WhiteElo "2305"]
[BlackElo "2125"]
[PlyCount "37"]
[EventDate "2021.10.17"]
[EventType "team-tourn"]
[EventRounds "11"]
[EventCountry "CZE"]
[SourceTitle "EXT 2024"]
[Source "ChessBase"]
[SourceDate "2023.10.10"]
[SourceVersion "1"]
[SourceVersionDate "2023.10.10"]
[SourceQuality "1"]
[WhiteTeam "Orechov Orel"]
[BlackTeam "Jundrov Jezdci"]
[WhiteTeamCountry "CZE"]
[BlackTeamCountry "CZE"]

1. d4 Nf6 2. Bf4 c5 3. d5 b5 4. c4 g6 5. Nd2 Qa5 6. Qc2 Bg7 7. e4 0-0 8. cxb5 a6 9. b6 Re8 10. Bc7 Bb7 11. f3 d6 12. Ne2 Rc8 13. Nc3 Qb4 14. Nc4 Nxd5 15. exd5 Bxd5 16. a3 Bxc3+ 17. bxc3 Qb5 18. Nxd6 Qd7 19. Nxc8 1-0

[Event "CZE-chT2E 2122"]
[Site "Czech Republic"]
[Date "2022.01.16"]
[Round "6.1"]
[White "Barak, David"]
[Black "Gabriel, Adam"]
[Result "1/2-1/2"]
[WhiteElo "2125"]
[BlackElo "2074"]
[PlyCount "113"]
[EventDate "2021.10.17"]
[EventType "team-tourn"]
[EventRounds "11"]
[EventCountry "CZE"]
[SourceTitle "EXT 2024"]
[Source "ChessBase"]
[SourceDate "2023.10.10"]
[SourceVersion "1"]
[SourceVersionDate "2023.10.10"]
[SourceQuality "1"]
[WhiteTeam "Jundrov Jezdci"]
[BlackTeam "Borsice"]
[WhiteTeamCountry "CZE"]
[BlackTeamCountry "CZE"]

1. d4 Nf6 2. c4 e6 3. Nc3 Bb4 4. e3 b6 5. Bd3 Bb7 6. f3 d5 7. Qa4+ Nc6 8. Nge2 0-0 9. 0-0 dxc4 10. Bxc4 a6 11. Qc2 Na5 12. Bd3 c5 13. dxc5 Bxc5 14. Rd1 Bd6 15. e4 Qb8 16. h3 Rc8 17. Kh1 b5 18. Qd2 Rd8 19. Qg5 Nc6 20. b3 Be7 21. Qe3 Nd7 22. Bb2 Bc5 23. Qg5 h6 24. Qh4 Nde5 25. Bb1 Rxd1+ 26. Nxd1 Ng6 27. Qe1 b4 28. Nf2 a5 29. Bc2 Qc7 30. Rd1 Rc8 31. Bb1 Ba7 32. Nd4 Bb8 33. Qg1 Nf4 34. Nxc6 Bxc6 35. Nd3 Ne2 36. Be5 Nxg1 37. Bxc7 Bxc7 38. Kxg1 Bb6+ 39. Kf1 Bb5 40. Ke1 Kf8 41. Ne5 Ke7 42. Bd3 Be8 43. Nc4 Bd4 44. Ke2 a4 45. Bb1 e5 46. Bd3 axb3 47. axb3 Ra8 48. Ne3 Ra2+ 49. Rd2 Rxd2+ 50. Kxd2 Bxe3+ 51. Kxe3 g5 52. g4 f6 53. Bc4 Kd6 54. Kd3 Kc5 55. Ke3 h5 56. Kd3 h4 57. Ke3 1/2-1/2

[Event "Brno op 10th"]
[Site "Brno"]
[Date "2021.11.26"]
[Round "8"]
[White "Sharon, Rafael"]
[Black "Barak, David"]
[Result "0-1"]
[WhiteElo "1810"]
[BlackElo "2097"]
[PlyCount "92"]
[EventDate "2021.11.20"]
[EventType "swiss"]
[EventRounds "9"]
[EventCountry "CZE"]
[SourceTitle "CBM 205 Extra"]
[Source "ChessBase"]
[SourceDate "2022.01.31"]
[SourceVersion "1"]
[SourceVersionDate "2022.01.31"]
[SourceQuality "1"]

1. e4 c5 2. Nf3 a6 3. g3 b5 4. Bg2 Bb7 5. d3 e6 6. Be3 Nf6 7. 0-0 Be7 8. Nbd2 0-0 9. h3 d5 10. e5 Nfd7 11. c3 Nc6 12. d4 Qc7 13. Qe2 a5 14. Rfc1 Ba6 15. Nh2 b4 16. Qg4 Bd3 17. h4 Rfc8 18. Nb3 c4 19. Nd2 bxc3 20. Rxc3 Rab8 21. Nhf3 Rxb2 22. a3 Rcb8 23. Ne1 Bf5 24. Qf4 Bg6 25. g4 h6 26. Qg3 Nxd4 27. Bxd4 Rxd2 28. Nf3 Rd3 29. Qf4 Rxc3 30. Bxc3 Nc5 31. h5 Be4 32. g5 Bxf3 33. gxh6 Bxh5 34. hxg7 Kxg7 35. Bd2 Rh8 36. Rb1 Bg6 37. Rb5 Nd3 38. Qd4 Bc5 39. Qc3 Bxf2+ 40. Kf1 Bb6 41. Bg5 Rh5 42. Bf6+ Kh7 43. Bf3 Rf5 44. Kg2 Nxe5 45. Rxb6 Rxf6 46. Rb1 Bxb1 0-1

[Event "Ceske Budejovice op"]
[Site "Ceske Budejovice"]
[Date "2021.07.07"]
[Round "7"]
[White "Haba, Zdenek"]
[Black "Barak, David"]
[Result "1/2-1/2"]
[WhiteElo "2192"]
[BlackElo "2068"]
[PlyCount "55"]
[EventDate "2021.07.01"]
[EventType "swiss"]
[EventRounds "9"]
[EventCountry "CZE"]
[SourceTitle "CBM 203 Extra"]
[Source "ChessBase"]
[SourceDate "2021.09.30"]
[SourceVersion "1"]
[SourceVersionDate "2021.09.30"]
[SourceQuality "1"]

1. d4 Nf6 2. c4 e6 3. g3 d5 4. Bg2 Bb4+ 5. Bd2 Be7 6. Nf3 0-0 7. 0-0 c6 8. Qc2 b6 9. Bf4 Ba6 10. Bxb8 Qxb8 11. Ne5 c5 12. cxd5 exd5 13. Nc6 Qd6 14. Nxe7+ Qxe7 15. dxc5 bxc5 16. Re1 Rac8 17. Nd2 Rfd8 18. Rac1 Qd6 19. Nb3 Bc4 20. Na5 Ba6 21. Nb3 Bc4 22. Nd2 Ba6 23. e4 dxe4 24. Nxe4 Nxe4 25. Bxe4 g6 26. Red1 Qe5 27. Bf3 Rd4 28. Re1 1/2-1/2

[Event "CZE-ch Betsys Online Blitz"]
[Site "Chess.com INT"]
[Date "2021.04.17"]
[Round "7"]
[White "Barak, David"]
[Black "Kalod, Michal2222"]
[Result "1-0"]
[WhiteElo "2094"]
[BlackElo "1816"]
[PlyCount "113"]
[EventDate "2021.04.17"]
[EventType "swiss (blitz)"]
[EventRounds "13"]
[EventCountry "CZE"]
[SourceTitle "CBM 201 Extra"]
[Source "ChessBase"]
[SourceDate "2021.05.31"]
[SourceVersion "1"]
[SourceVersionDate "2021.05.31"]
[SourceQuality "1"]

1. d4 a6 2. c4 b5 3. cxb5 axb5 4. e3 Bb7 5. Nf3 b4 6. Bc4 e6 7. 0-0 Nf6 8. Qb3 Nc6 9. Bb5 Na5 10. Qc2 Bxf3 11. gxf3 Be7 12. e4 0-0 13. Be3 d6 14. Bd3 e5 15. Nd2 Nh5 16. d5 Qd7 17. Kh1 Bd8 18. Rg1 Qh3 19. Bf1 Qh4 20. Rg4 Qf6 21. Be2 Nf4 22. Bxf4 exf4 23. Rag1 g6 24. Bd3 Nb7 25. Bc4 Nc5 26. Ra1 Nd7 27. Rgg1 Ne5 28. Rac1 Qh4 29. Rg2 Qh3 30. Qb3 h5 31. Bf1 Qh4 32. Nc4 Nxf3 33. Qxf3 Kh7 34. Nd2 Bf6 35. Bc4 Be5 36. Rcg1 Rg8 37. Nb1 Rg7 38. Qd3 Rag8 39. f3 Qh3 40. Nd2 Bxb2 41. Qf1 Bc3 42. Qe2 Qh4 43. Bb3 Be5 44. Nc4 Qh3 45. Nxe5 Qh4 46. Nc4 Qh3 47. Nd2 Qh4 48. Qf2 Qe7 49. Nc4 Qf6 50. e5 Qh4 51. e6 fxe6 52. dxe6 Qf6 53. Qe2 Qe7 54. Re1 g5 55. Qe4+ Kh8 56. Na5 Rg6 57. Nc6 1-0

[Event "CZE-ch Betsys Online Blitz"]
[Site "Chess.com INT"]
[Date "2021.04.17"]
[Round "10"]
[White "Barak, David"]
[Black "Nezval, Filip1111"]
[Result "1/2-1/2"]
[WhiteElo "2094"]
[BlackElo "2002"]
[PlyCount "68"]
[EventDate "2021.04.17"]
[EventType "swiss (blitz)"]
[EventRounds "13"]
[EventCountry "CZE"]
[SourceTitle "CBM 201 Extra"]
[Source "ChessBase"]
[SourceDate "2021.05.31"]
[SourceVersion "1"]
[SourceVersionDate "2021.05.31"]
[SourceQuality "1"]

1. d4 Nf6 2. c4 e6 3. Nc3 d5 4. cxd5 exd5 5. Bg5 Be7 6. e3 0-0 7. Bd3 Nbd7 8. Qc2 c6 9. Nge2 Re8 10. 0-0 Nf8 11. Rab1 Bg4 12. Ng3 Bd7 13. b4 a6 14. a4 Ne6 15. Bxf6 Bxf6 16. Bxh7+ Kh8 17. Bd3 b5 18. a5 Qb8 19. Qd1 g6 20. f4 Nxd4 21. exd4 Bxd4+ 22. Kh1 Bxc3 23. f5 Qd6 24. fxg6 fxg6 25. Qc2 Be5 26. Bxg6 Rg8 27. Bf5 Bxg3 28. Bxd7 Qxd7 29. hxg3 Rxg3 30. Rf4 Qh7+ 31. Qxh7+ Kxh7 32. Rc1 Rg6 33. Re1 Ra7 34. Re8 Kh6 1/2-1/2

[Event "CZE-ch Betsys Online Blitz"]
[Site "Chess.com INT"]
[Date "2021.04.17"]
[Round "8"]
[White "Vesely, Petr"]
[Black "Barak, David"]
[Result "0-1"]
[WhiteElo "1933"]
[BlackElo "2094"]
[PlyCount "72"]
[EventDate "2021.04.17"]
[EventType "swiss (blitz)"]
[EventRounds "13"]
[EventCountry "CZE"]
[SourceTitle "CBM 201 Extra"]
[Source "ChessBase"]
[SourceDate "2021.05.31"]
[SourceVersion "1"]
[SourceVersionDate "2021.05.31"]
[SourceQuality "1"]

1. c4 f5 2. Nc3 b6 3. g3 Bb7 4. Nf3 Nf6 5. Bg2 g6 6. d4 Bg7 7. 0-0 e6 8. Bg5 h6 9. Bxf6 Qxf6 10. e3 0-0 11. Rc1 d6 12. Qd2 Nd7 13. b3 g5 14. Ne2 Be4 15. Ne1 Bxg2 16. Nxg2 Qe7 17. Qd3 Rad8 18. Rfe1 Nf6 19. d5 e5 20. Qxf5 Nxd5 21. Qe4 Nf6 22. Qc2 Qf7 23. f4 Qh5 24. Qd2 Ng4 25. h4 gxf4 26. exf4 exf4 27. Nexf4 Qc5+ 28. Kh1 Nf2+ 29. Kh2 Ng4+ 30. Kh1 Rde8 31. Nd5 c6 32. Ndf4 Re5 33. Rxe5 Qxe5 34. Re1 Qf5 35. Qe2 Qf6 36. Qxg4 h5 0-1

[Event "CZE-ch rapid U20"]
[Site "Ceska Trebova"]
[Date "2020.09.19"]
[Round "5"]
[White "Barak, David"]
[Black "Gubin, Michail"]
[Result "0-1"]
[WhiteElo "1993"]
[BlackElo "1655"]
[PlyCount "90"]
[EventDate "2020.09.19"]
[EventType "swiss (rapid)"]
[EventRounds "9"]
[EventCountry "CZE"]
[SourceTitle "CBM 198 Extra"]
[Source "ChessBase"]
[SourceDate "2020.11.30"]
[SourceVersion "1"]
[SourceVersionDate "2020.11.30"]
[SourceQuality "1"]

1. d4 f5 2. Nc3 Nf6 3. Bg5 g6 4. e3 Bg7 5. Nf3 d6 6. Bc4 e6 7. 0-0 0-0 8. Ne2 h6 9. Bh4 Kh8 10. Bg3 Qe8 11. Re1 b6 12. Nd2 e5 13. f3 g5 14. Bf2 Bb7 15. Bb3 e4 16. Ng3 exf3 17. Nxf3 Ne4 18. Nxe4 Bxe4 19. c3 Nd7 20. Nd2 Bb7 21. Qe2 Nf6 22. Bc2 Qd7 23. c4 Rae8 24. d5 Bc8 25. Rad1 Qf7 26. Qd3 Nd7 27. Nf3 Nc5 28. Qd2 Nd7 29. Nd4 Ne5 30. b3 Ng4 31. Re2 Qh5 32. h3 Ne5 33. Rf1 g4 34. h4 Bf6 35. g3 Nf3+ 36. Nxf3 gxf3 37. Ree1 Be5 38. e4 f4 39. Bd4 fxg3 40. Bxe5+ dxe5 41. Re3 Bg4 42. Bd1 f2+ 43. Kg2 Qxh4 44. Rh1 Bh3+ 45. Rxh3 f1Q# 0-1

[Event "Ceske Budejovice op-A"]
[Site "Ceske Budejovice"]
[Date "2020.07.07"]
[Round "7"]
[White "Barak, David"]
[Black "Horak, Jan"]
[Result "1/2-1/2"]
[WhiteElo "2126"]
[BlackElo "1992"]
[PlyCount "37"]
[EventDate "2020.07.01"]
[EventType "swiss"]
[EventRounds "9"]
[EventCountry "CZE"]
[SourceTitle "CBM 197 Extra"]
[Source "ChessBase"]
[SourceDate "2020.09.30"]
[SourceVersion "1"]
[SourceVersionDate "2020.09.30"]
[SourceQuality "1"]

1. d4 Nf6 2. c4 c5 3. d5 e5 4. Nc3 d6 5. e4 Be7 6. Be2 Nbd7 7. Nf3 0-0 8. 0-0 Ne8 9. g3 g6 10. Ne1 Ng7 11. Ng2 f5 12. f4 Bf6 13. Qc2 Re8 14. Bd3 exf4 15. Bxf4 Ne5 16. Rae1 Qb6 17. Bc1 Bd7 18. Kh1 Rf8 19. Nf4 1/2-1/2

[Event "Ceske Budejovice op-A"]
[Site "Ceske Budejovice"]
[Date "2020.07.03"]
[Round "3"]
[White "Barak, David"]
[Black "Hoke, Petr"]
[Result "1/2-1/2"]
[WhiteElo "2126"]
[BlackElo "1987"]
[PlyCount "28"]
[EventDate "2020.07.01"]
[EventType "swiss"]
[EventRounds "9"]
[EventCountry "CZE"]
[SourceTitle "CBM 197 Extra"]
[Source "ChessBase"]
[SourceDate "2020.09.30"]
[SourceVersion "1"]
[SourceVersionDate "2020.09.30"]
[SourceQuality "1"]

1. d4 g6 2. c4 Bg7 3. Nf3 d6 4. e4 c5 5. d5 e6 6. h3 Ne7 7. Nc3 a6 8. a4 0-0 9. Bd3 Nd7 10. 0-0 exd5 11. cxd5 Ne5 12. Be2 Nxf3+ 13. Bxf3 h6 14. Re1 g5 1/2-1/2

[Event "CZE-chT2E 1920"]
[Site "Czech Republic"]
[Date "2020.06.28"]
[Round "11.3"]
[White "Bazant, Petr Sr"]
[Black "Barak, David"]
[Result "1/2-1/2"]
[WhiteElo "2228"]
[BlackElo "2070"]
[PlyCount "73"]
[EventDate "2019.10.13"]
[EventType "team-tourn"]
[EventRounds "11"]
[EventCountry "CZE"]
[SourceTitle "EXT 2024"]
[Source "ChessBase"]
[SourceDate "2023.10.10"]
[SourceVersion "1"]
[SourceVersionDate "2023.10.10"]
[SourceQuality "1"]
[WhiteTeam "Stare Mesto II"]
[BlackTeam "Adamov"]
[WhiteTeamCountry "CZE"]
[BlackTeamCountry "CZE"]

1. d4 Nf6 2. c4 c5 3. d5 b5 4. cxb5 a6 5. bxa6 g6 6. Nc3 Bxa6 7. g3 d6 8. Bg2 Nbd7 9. Nf3 Bg7 10. 0-0 Nb6 11. Re1 0-0 12. e4 Nc4 13. e5 Ng4 14. exd6 exd6 15. Bf1 h5 16. Bxc4 Bxc4 17. Re4 Ba6 18. Bf4 Rb8 19. Qd2 Bc8 20. Rae1 Bf5 21. R4e2 Qb6 22. h3 Nf6 23. Kg2 c4 24. b3 cxb3 25. axb3 Rfc8 26. Re3 Qa6 27. Bg5 Nh7 28. Bf4 Nf6 29. Nd4 Bd7 30. Re7 Rxc3 31. Qxc3 Nxd5 32. Qf3 Nxe7 33. Rxe7 Qb7 34. Qxb7 Rxb7 35. Nf3 Bf8 36. Re3 Be6 37. Nd4 1/2-1/2

[Event "EU-ch Online U2300 Qual"]
[Site "Chess.com INT"]
[Date "2020.05.25"]
[Round "6"]
[White "Albu, George"]
[Black "Barak, David"]
[Result "0-1"]
[WhiteElo "2142"]
[BlackElo "2116"]
[PlyCount "142"]
[EventDate "2020.05.25"]
[EventType "swiss"]
[EventRounds "8"]
[EventCountry "NET"]
[SourceTitle "EXT 2021"]
[Source "ChessBase"]
[SourceDate "2020.10.23"]
[SourceVersion "1"]
[SourceVersionDate "2020.10.23"]
[SourceQuality "1"]

1. d4 Nf6 2. c4 c5 3. d5 b5 4. cxb5 a6 5. bxa6 g6 6. Nc3 Bxa6 7. e4 Bxf1 8. Kxf1 d6 9. g3 Bg7 10. Kg2 0-0 11. Nf3 Qb6 12. Rb1 Qb7 13. Qc2 Na6 14. a3 Rfb8 15. h3 Nd7 16. Be3 Nc7 17. Nd2 Nb5 18. Nxb5 Qxb5 19. Nc4 Qb3 20. Qxb3 Rxb3 21. Rhc1 Ne5 22. Nxe5 Bxe5 23. Rc2 Ra4 24. Kf3 Kf8 25. h4 h5 26. Ra1 Ke8 27. Rb1 Kd7 28. Ra1 Kc7 29. Ra2 Kb7 30. Ra1 Ka6 31. Rb1 Raxa3 32. bxa3 Rxb1 33. Ra2 Ka5 34. Ke2 Ka4 35. f4 Bc3 36. Kf3 Kb3 37. Rh2 Kxa3 38. g4 Bf6 39. gxh5 gxh5 40. e5 Bh8 41. Rg2 Rb8 42. exd6 exd6 43. Rg5 c4 44. Rxh5 c3 45. Rh7 c2 46. Rxf7 Rb3 47. Rc7 Rc3 48. Rxc3+ Bxc3 49. Bc1+ Kb3 50. Ke2 Bb2 51. Kd2 Bf6 52. h5 Bg7 53. Kd3 Bh6 54. Ke2 Kc3 55. Kf3 Kd3 56. Kg4 Ke4 57. Kg3 Kxd5 58. Kf3 Kd4 59. Kg4 Ke4 60. Kg3 d5 61. Kg4 d4 62. Kg3 Kd3 63. Kf3 Kc3 64. Ke4 d3 65. f5 Bxc1 66. f6 Bh6 67. Kf5 c1Q 68. Kg6 Qg5+ 69. Kf7 d2 70. Ke8 d1Q 71. f7 Qdd8# 0-1

[Event "EU-ch Online U2300 Qual"]
[Site "Chess.com INT"]
[Date "2020.05.25"]
[Round "2"]
[White "Barak, David"]
[Black "Evans, Kevin"]
[Result "1-0"]
[WhiteElo "2116"]
[BlackElo "2081"]
[PlyCount "63"]
[EventDate "2020.05.25"]
[EventType "swiss"]
[EventRounds "8"]
[EventCountry "NET"]
[SourceTitle "EXT 2021"]
[Source "ChessBase"]
[SourceDate "2020.10.23"]
[SourceVersion "1"]
[SourceVersionDate "2020.10.23"]
[SourceQuality "1"]

1. d4 d5 2. c4 e5 3. dxe5 d4 4. a3 Nc6 5. Nf3 Be6 6. b3 Qd7 7. g3 Nge7 8. Bg2 Ng6 9. Bb2 0-0-0 10. Nbd2 h5 11. b4 h4 12. Nxh4 Nxh4 13. gxh4 Nxe5 14. Qb3 Rxh4 15. 0-0-0 g6 16. Qg3 Rh5 17. Ne4 Nxc4 18. Nf6 Qa4 19. Nxh5 gxh5 20. Bh3 Rd6 21. Bxe6+ Rxe6 22. Qd3 Bh6+ 23. Kb1 Rc6 24. Rhg1 b6 25. e3 dxe3 26. fxe3 Kb7 27. Rc1 Nxb2 28. Kxb2 Rxc1 29. Rxc1 Bg7+ 30. Kb1 Qe8 31. Qd5+ Kb8 32. e4 1-0

[Event "EU-ch Online U2300 Qual"]
[Site "Chess.com INT"]
[Date "2020.05.25"]
[Round "3"]
[White "Matic, Zeljko"]
[Black "Barak, David"]
[Result "1-0"]
[WhiteElo "2144"]
[BlackElo "2116"]
[PlyCount "119"]
[EventDate "2020.05.25"]
[EventType "swiss"]
[EventRounds "8"]
[EventCountry "NET"]
[SourceTitle "EXT 2021"]
[Source "ChessBase"]
[SourceDate "2020.10.23"]
[SourceVersion "1"]
[SourceVersionDate "2020.10.23"]
[SourceQuality "1"]

1. Nf3 c5 2. g3 b6 3. Bg2 Bb7 4. 0-0 Nf6 5. d3 e6 6. e4 d6 7. Re1 Nbd7 8. c4 Be7 9. Nh4 Qc7 10. Nc3 a6 11. f4 0-0-0 12. Qe2 Rdg8 13. e5 Ne8 14. Nf3 h6 15. f5 exf5 16. e6 fxe6 17. Qxe6 Nef6 18. Qxf5 g6 19. Qh3 Re8 20. Nh4 Rhg8 21. Bxh6 Kb8 22. Bxb7 Qxb7 23. Qg2 Ne5 24. Bg5 Nfg4 25. Qxb7+ Kxb7 26. Bxe7 Rxe7 27. Kg2 Rf7 28. Rf1 Ne3+ 29. Kg1 Rxf1+ 30. Rxf1 Nxf1 31. Kxf1 Rf8+ 32. Ke2 g5 33. Ng2 Ng4 34. Ne4 Nxh2 35. Nxd6+ Kc6 36. Ne4 Ng4 37. b3 a5 38. a4 Ne5 39. Nxg5 Rh8 40. Nf4 Rh2+ 41. Ke3 Ng4+ 42. Kf3 Ne5+ 43. Ke4 Nd7 44. Nf3 Rb2 45. g4 Rxb3 46. g5 Rb1 47. g6 Rh1 48. Kf5 Rf1 49. g7 Rxf3 50. g8Q Rf1 51. Qd5+ Kc7 52. Kg5 Rg1+ 53. Kh4 Rf1 54. Ne6+ Kc8 55. Qc6+ Kb8 56. Qxd7 Rf8 57. Qc7+ Ka8 58. Nxf8 b5 59. Nd7 b4 60. Nb6# 1-0

[Event "CZE-ch U16"]
[Site "Kouty nad Desnou"]
[Date "2020.03.12"]
[Round "7"]
[White "Neumann, Filip"]
[Black "Barak, David"]
[Result "0-1"]
[WhiteElo "2084"]
[BlackElo "2114"]
[PlyCount "148"]
[EventDate "2020.03.07"]
[EventType "swiss"]
[EventRounds "7"]
[EventCountry "CZE"]
[SourceTitle "CBM 195 Extra"]
[Source "ChessBase"]
[SourceDate "2020.05.31"]
[SourceVersion "1"]
[SourceVersionDate "2020.05.31"]
[SourceQuality "1"]

1. d4 Nf6 2. Bg5 Ne4 3. Bf4 d5 4. f3 Nf6 5. Nc3 e6 6. e3 Nh5 7. Nge2 Nxf4 8. Nxf4 Bd6 9. Bd3 c5 10. dxc5 Bxc5 11. Qd2 Nc6 12. Bb5 a6 13. Bxc6+ bxc6 14. Nd3 Bd6 15. e4 Rb8 16. Qf2 0-0 17. e5 Be7 18. 0-0 Qa5 19. Qg3 Kh8 20. Qg4 c5 21. Rab1 Bb7 22. a3 Bc6 23. Nf4 Qc7 24. Rfe1 Rb7 25. Nh5 Rg8 26. f4 Qd8 27. Red1 g6 28. Ng3 c4 29. Nge2 Qb8 30. Nd4 Be8 31. b4 cxb3 32. Rxb3 Rxb3 33. Nxb3 Bxa3 34. Qh4 Qa7+ 35. Qf2 Qxf2+ 36. Kxf2 Bb5 37. Nxb5 axb5 38. Ra1 Bb4 39. Ke2 Rc8 40. Ra2 Bc3 41. Kd3 Rc7 42. Nd4 Bxd4 43. Kxd4 Rc4+ 44. Ke3 g5 45. g3 Kg7 46. Rb2 b4 47. fxg5 Kg6 48. h4 Kf5 49. Ra2 Rc3+ 50. Kf2 Kg4 51. Rb2 Rf3+ 52. Ke2 Kxg3 53. Rxb4 Rf4 54. Rb8 Kxh4 55. Rh8 Kxg5 56. Rxh7 Kg6 57. Rh3 Re4+ 58. Kd3 Rxe5 59. Rg3+ Kf6 60. Rf3+ Rf5 61. Rh3 Rf4 62. c3 Ke5 63. Re3+ Kd6 64. Rh3 e5 65. Rh6+ f6 66. Rh8 Rf3+ 67. Kd2 e4 68. Re8 Kd7 69. Rf8 Rd3+ 70. Kc2 Ke6 71. Re8+ Kf5 72. Rf8 Ke5 73. Rf7 f5 74. Rf8 Kf4 0-1

[Event "CZE-ch U16"]
[Site "Kouty nad Desnou"]
[Date "2020.03.07"]
[Round "1"]
[White "Janouch, Jachym Stepan"]
[Black "Barak, David"]
[Result "1-0"]
[WhiteElo "1888"]
[BlackElo "2114"]
[PlyCount "79"]
[EventDate "2020.03.07"]
[EventType "swiss"]
[EventRounds "7"]
[EventCountry "CZE"]
[SourceTitle "CBM 195 Extra"]
[Source "ChessBase"]
[SourceDate "2020.05.31"]
[SourceVersion "1"]
[SourceVersionDate "2020.05.31"]
[SourceQuality "1"]

1. e4 c5 2. Nc3 a6 3. Nf3 Nc6 4. d4 cxd4 5. Nxd4 e5 6. Nde2 Bc5 7. g3 Qb6 8. Be3 Bxe3 9. fxe3 Nf6 10. Qd2 Qxb2 11. Rb1 Qa3 12. Bg2 d6 13. 0-0 Be6 14. Nd5 Bxd5 15. exd5 Na5 16. Rb4 b5 17. g4 Nc4 18. Rxc4 bxc4 19. g5 Ng8 20. Ng3 Ne7 21. h4 Rb8 22. Qf2 0-0 23. Be4 f5 24. Bxf5 Nxf5 25. Nxf5 g6 26. Nh6+ Kg7 27. Nf7 h5 28. gxh6+ Kh7 29. Kh2 Qb2 30. h5 Rg8 31. Ng5+ Kxh6 32. hxg6 Rh8 33. Nf7+ Kg7+ 34. Kg3 e4 35. Nxh8 Rxh8 36. Qf7+ Kh6 37. Qf4+ Kg7 38. Qf7+ Kh6 39. Rh1+ Kg5 40. g7 1-0

[Event "Karlovy Vary CupT U16"]
[Site "Karlovy Vary"]
[Date "2020.01.23"]
[Round "4.1"]
[White "Barak, David"]
[Black "Brozka, Karel"]
[Result "1-0"]
[WhiteElo "2064"]
[BlackElo "2002"]
[PlyCount "155"]
[EventDate "2020.01.22"]
[EventType "team-swiss"]
[EventRounds "4"]
[EventCountry "CZE"]
[SourceTitle "CBM 194 Extra"]
[Source "ChessBase"]
[SourceDate "2020.03.31"]
[SourceVersion "1"]
[SourceVersionDate "2020.03.31"]
[SourceQuality "1"]
[WhiteTeam "Jihomoravsky kraj"]
[BlackTeam "Pardubicky kraj"]
[WhiteTeamCountry "CZE"]
[BlackTeamCountry "CZE"]

1. d4 Nf6 2. c4 c5 3. d5 b5 4. Nd2 d6 5. e4 g6 6. b3 Bg7 7. Bb2 0-0 8. cxb5 a6 9. b6 Nbd7 10. Qc2 Nxb6 11. Bd3 a5 12. a4 Bb7 13. Ne2 Qc7 14. 0-0 e6 15. dxe6 fxe6 16. Rac1 Ng4 17. Ng3 Ne5 18. Be2 Rae8 19. Nf3 Nbd7 20. Rfd1 Nxf3+ 21. Bxf3 Ne5 22. Be2 h5 23. f3 h4 24. Nf1 h3 25. Qd2 hxg2 26. Kxg2 d5 27. Ng3 dxe4 28. fxe4 Rd8 29. Qc2 Rxd1 30. Rxd1 Qb6 31. Rf1 Rxf1 32. Nxf1 Qb4 33. Ng3 Ng4 34. Bxg4 Bxb2 35. Qxb2 Bxe4+ 36. Kh3 Bf5 37. Bxf5 exf5 38. Qe2 Qxb3 39. Qe8+ Kg7 40. Qe7+ Kg8 41. Kh4 Qxa4+ 42. Kg5 Qg4+ 43. Kh6 Qh3+ 44. Kxg6 Qg4+ 45. Kh6 Qf4+ 46. Qg5+ Qxg5+ 47. Kxg5 a4 48. Ne2 a3 49. Nc3 Kf7 50. Kxf5 Kg7 51. Kg5 Kh7 52. h4 Kg7 53. h5 Kh7 54. h6 c4 55. Kh5 Kg8 56. Kg6 Kh8 57. Na2 Kg8 58. Nc3 Kh8 59. Kg5 Kh7 60. Kh5 Kg8 61. Kg4 Kh7 62. Kg5 Kg8 63. Kf6 Kh7 64. Kg5 Kg8 65. Kg6 Kh8 66. Kh5 Kh7 67. Kg5 Kg8 68. Kh4 Kh7 69. Kh5 Kg8 70. Kg4 Kh7 71. Kg5 Kg8 72. Kh5 Kh7 73. Na2 Kg8 74. Kg6 Kh8 75. Nc3 Kg8 76. h7+ Kh8 77. Ne4 a2 78. Ng5 1-0